000 00486nam a2200181Ia 4500
008 230711s9999||||xx |||||||||||||| ||und||
020 _a978-81-317-9212-4
041 _aENG
082 _a537
_bFE-T
100 _aFeynman,Richard Phillips
245 4 _aThe Feynman Lecture on Physics Volume-II
_bMainly,Electromagnetism and Matter
250 _a3rd Ed.
260 _c2014
_aNew Delhi
_bPearson
300 _a42.14p.
650 _aPhysics
700 _aLeighton,Robert B
942 _cBK
999 _c6764
_d6764